| 000 | 00854cam a2200205 a 4500 | ||
|---|---|---|---|
| 001 | 000001670 | ||
| 005 | 20200929145645.0 | ||
| 008 | 840608s1961 it b 001 0 ita | ||
| 040 |
_aDO-SdBNP _dspa _dBNPHU |
||
| 082 |
_a945.4541 _bB693r |
||
| 110 | 1 |
_aItalia. _bMinistero Dell´Interno. _bArchivio di Stato Di Bologna. _95427 |
|
| 245 | 1 | 0 |
_aRiformagioni e provvigioni del Comune di Bologna dal 1248 al 1400 : _binventario. |
| 260 |
_aRoma : _bMinistero Dell´Interno, _c1961. |
||
| 300 |
_a382 p. ; _c25 cm. |
||
| 490 | 1 |
_aMinistero Dell´Interno Pubblicazioni degli Archivi Di Stato _vno. 48 |
|
| 651 | 4 |
_aBolonia (Italia{Rpara} _xHistoria _95428 |
|
| 610 | 1 | 4 |
_aBOLONIA (ITALIA) _bARCHIVOS NACIONAL DE ITALIA _95429 |
| 610 | 1 | 4 |
_aITALIA _bMINISTERIO DEL INTERIOR _95430 |
| 830 | 0 |
_aMinistero Dell´Interno Pubblicazioni degli Archivi Di Stato ; _vno. 48 _95431 |
|
| 999 |
_c1551 _d1551 |
||